000 00507nam a2200193Ia 4500
005 20250326142807.0
008 250326s9999 xx 000 0 und d
037 _aTextbook
040 _aFMSL
_beng
_cFMSL
041 _aeng
_2eng
084 _qFMSL
100 _aBennett A L
_9744917
245 0 _aInternational organizations principles and issues
_cBennett A L
250 _aEd 3
260 _aPrentice-Hall
_bPrentice-Hall
_c1984
300 _a513p
942 _cTB
999 _c1296657
_d1296657